| 000 | 00606nam a2200217Ia 4500 | ||
|---|---|---|---|
| 003 | GCL | ||
| 008 | 140319s9999 xx 000 0 ara d | ||
| 040 |
_aGCL / _cGCL |
||
| 082 | 0 | 4 |
_a210.2 _bم م |
| 100 | 1 | _aمحمد سعيد العشماوى | |
| 245 | 1 | 0 |
_aمعالم الاسلام / _cمحمد سعيد العشماوى |
| 300 | _a299 | ||
| 490 |
_aكتاب _v0 |
||
| 650 | 0 | 4 | _aالاسلام |
| 650 | 0 | 4 | _aالارهاب |
| 650 | 0 | 4 | _aالفقه الاسلامى |
| 650 | 0 | 4 | _aالاسلام - تاريخ |
| 650 | 0 | 4 | _aالتطرف |
| 650 | 0 | 4 | _aالتطرف الدينى |
| 942 |
_2ddc _cBK |
||
| 999 |
_c42508 _d42508 |
||